00818nam a2200217 a 450000100100000000500170001000800410002704000250006808200200009310000330011324500320014625000120017826000500019030000210024065000400026165000310030104900090033295201180034195201240045999900170058300001231320240412074231.0091111s1978 dr 000 0 spa d aDO-SdBNPbspacBNPHU aRD863.44bF316l1 aFeliz Cabrera, Publio92898310aLidia :bhistoria de amor/. a3a. ed. aSanto Domingo :bEducativa Dominicana,c1978. a136 p. ;c21 cm. 0aNovela histórica dominicana.9860 0aLiteratura dominicana.967 aBNPD 0010718PDaPDbPDcCTd2009-11-11iLF1l0oRD863.44 F316lp12313-10r2020-06-25w2020-06-25yLFPDZNo se presta 0010718PDaPDbPDcCTd2009-11-11iLF1l0oRD863.44 F316lp12313-20r2020-06-25te. 2w2020-06-25yLFPDZNo se presta c11970d11970